00696nam a22001937a 450000500170000000800410001701000140005802000260007203500130009803700130011104000080012408200080013210000180014024501350015826000890029327000660038230000340044870000200048220100406164735.0100406t xxu||||| |||| 00| 0 eng d aENG-95978 a9788131727881c975.00 aEN-79510 bDBAD/VEN aDPL a000 aThorpe, Edgar aThe Pearson general studies manual 2010:bFor the UPSC civil services preliminary examination/cby Edgar Thorpe and Showick Thorpe aNew DelhibDorling Kindersley (India) Pvt. Ltd. Licensees of Pearson Educationc2010 a14, Local Shopping Centre, Panchsheel ParkbNew Delhie110017 aVarious pagingsc28 cm. (Pbk) aThorpe, Showick